Major Barbara / (Record no. 22345)
[ view plain ]
| 000 -LEADER | |
|---|---|
| fixed length control field | 00741nam a2200241 i 4500 |
| 001 - CONTROL NUMBER | |
| control field | 22345 |
| 003 - CONTROL NUMBER IDENTIFIER | |
| rucl marc code | BD-RjUL |
| 005 - DATE AND TIME OF LATEST TRANSACTION | |
| control field | 20211209000809.0 |
| 008 - FIXED-LENGTH DATA ELEMENTS--GENERAL INFORMATION | |
| fixed length control field | 140308r19661958enk 000 1 eng d |
| 035 ## - SYSTEM CONTROL NUMBER | |
| System control number | (BD-RjUL)22410 |
| 040 ## - CATALOGING SOURCE | |
| Original cataloging agency | DLC |
| Transcribing agency | DLC |
| Modifying agency | DLC |
| -- | BD-RjUL |
| Language of cataloging | eng |
| 041 ## - LANGUAGE CODE | |
| Language code of text/sound track or separate title | eng |
| 082 00 - DEWEY DECIMAL CLASSIFICATION NUMBER | |
| Classification number | 822.912 |
| Edition number | 19 |
| Author mark and year | SHM 1966 |
| 100 1# - MAIN ENTRY--PERSONAL NAME | |
| Personal name | Shaw, Bernard, |
| Dates associated with a name | 1856-1950. |
| 9 (RLIN) | 68985 |
| 245 10 - TITLE STATEMENT | |
| Title | Major Barbara / |
| Statement of responsibility, etc. | Bernard Shaw ; with an introd. by A. C. Ward. |
| 260 ## - PUBLICATION, DISTRIBUTION, ETC. (IMPRINT) | |
| Place of publication, distribution, etc. | London : |
| Name of publisher, distributor, etc. | Green and Co., |
| Date of publication, distribution, etc. | 1958 [impression 1966]. |
| 300 ## - PHYSICAL DESCRIPTION | |
| Pagination | 200 p. ; |
| Size | 19 cm. |
| 600 10 - SUBJECT ADDED ENTRY--PERSONAL NAME | |
| Personal name | Shaw, Bernard, |
| Dates associated with a name | 1856-1950 |
| General subdivision | Manuscripts |
| -- | Facsimiles. |
| 942 ## - ADDED ENTRY ELEMENTS (KOHA) | |
| Source of classification or shelving scheme | Dewey Decimal Classification |
| Koha item type | Books |
| Lost status | Source of classification or shelving scheme | Damaged status | Not for loan | Collection code | Permanent Location | Current Location | Shelving location | Date acquired | Source of acquisition | Cost, normal purchase price | Full call number | Date last seen | Copy number | Koha item type | Total Checkouts |
|---|---|---|---|---|---|---|---|---|---|---|---|---|---|---|---|
| Dewey Decimal Classification | Not For Loan | Fiction | Central Library, University of Rajshahi | Central Library, University of Rajshahi | Reading Room | 02/07/1968 | Sweets & Zeitlinger. | 62.00 | 822.912 SHM 1966 | 08/03/2014 | C-1 | Books | |||
| Dewey Decimal Classification | Fiction | Central Library, University of Rajshahi | Central Library, University of Rajshahi | General Stacks | 02/07/1968 | Swet & Zeitlinger | 822.912 SHM 1966 | 27/03/2022 | C-2 | Books | |||||
| Dewey Decimal Classification | Fiction | Central Library, University of Rajshahi | Central Library, University of Rajshahi | General Stacks | 02/07/1968 | Swet & Zeitlinger | 822.912 SHM 1966 | 27/03/2022 | C-3 | Books | |||||
| Dewey Decimal Classification | Fiction | Central Library, University of Rajshahi | Central Library, University of Rajshahi | General Stacks | 10/10/1968 | Swet & Zeitlinger | 6.60 | 822.912 SHM 1966 | 27/03/2022 | C-4 | Books | ||||
| Dewey Decimal Classification | Fiction | Central Library, University of Rajshahi | Central Library, University of Rajshahi | General Stacks | 10/10/1968 | Swet & Zeitlinger | 6.60 | 822.912 SHM 1966 | 27/03/2022 | C-5 | Books |